| 000 | 01052nam0a2200253 i 4500 | ||
|---|---|---|---|
| 001 | RU\NLR\BIBL_A\010201261 | ||
| 005 | 20260407072427.0 | ||
| 035 | _a(NLR Aleph) 010201261 | ||
| 090 |
_a10244926 _c10244926 |
||
| 100 | _a20140306d2013 u y0rusy50 ca | ||
| 101 | 0 | _arus | |
| 102 | _aRU | ||
| 105 | _ay|||z||||00yy | ||
| 200 | 1 |
_aРоссийская Академия наук _eхроника протеста, июнь-июль 2013 г. _e[сборник материалов и документов] |
|
| 210 |
_aМосква [и др.] _cЖурнал "Русский репортер" _d2013 |
||
| 215 |
_a256 с. _d21 |
||
| 320 | _aБиблиогр.: с. 253-256 и в подстроч. примеч. | ||
| 601 | 0 | 2 |
_aРоссийская академия наук _xРеформирование _92168961 _3RU\NLR\AUTH\6601541497 |
| 686 | 1 | _aЧ214(2) 711 | |
| 711 | 0 | 2 |
_aРоссийская академия наук _3RU\NLR\AUTH\881057 _9272489 |
| 942 | _cBOOK | ||
| 980 | _aNBR | ||